[Event "BCF-chT3N 1920 (4NCL)"]
[Site "England"]
[Date "2020.01.11"]
[Round "3.65"]
[White "Connor, Michael"]
[Black "Mort, Andrew J"]
[Result "0-1"]
[WhiteElo "1802"]
[BlackElo "1922"]
[PlyCount "94"]
[EventDate "2019.11.09"]
[EventType "team-swiss"]
[EventRounds "11"]
[EventCountry "ENG"]
[SourceTitle "EXT 2022"]
[Source "ChessBase"]
[SourceDate "2021.10.06"]
[SourceVersion "1"]
[SourceVersionDate "2021.10.06"]
[SourceQuality "1"]
[WhiteTeam "J'Adoube II"]
[BlackTeam "Spirit of Atticus II"]
[WhiteTeamCountry "ENG"]
[BlackTeamCountry "ENG"]

1. d4 d5 2. c4 e6 3. g3 f5 4. Bg2 Nf6 5. Nf3 Bd6 6. 0-0 0-0 7. e3 c6 8. Qc2 Ne4 9. Rd1 Nd7 10. b3 Qe8 11. Nc3 Qh5 12. Ne2 g5 13. Bb2 Ndf6 14. h3 g4 15. Nh4 Bd7 16. Nf4 Qh6 17. Qe2 gxh3 18. Bxh3 Kh8 19. Kh2 Rg8 20. Rh1 Nxf2 21. Qxf2 Ne4 22. Nhg6+ hxg6 23. Qf1 Kg7 24. Kg2 Rh8 25. Qf3 Qg5 26. Rag1 Qf6 27. Bc1 g5 28. Nh5+ Rxh5 29. Qxh5 Nxg3 30. Qf3 Nxh1 31. Kxh1 Rh8 32. Kg2 g4 33. Kf2 Kf7 34. Bxg4 fxg4 35. Rxg4 Rh2+ 36. Rg2 Qxf3+ 37. Kxf3 Rxg2 38. Kxg2 Kf6 39. Kf3 Be8 40. e4 dxe4+ 41. Kxe4 Bg6+ 42. Kf3 Bb1 43. c5 Bh2 44. a3 Bc2 45. b4 Kf5 46. Be3 Bd1+ 47. Kg2 Bf4 0-1

[Event "BCF-chT3N 1819 (4NCL)"]
[Site "England"]
[Date "2018.11.11"]
[Round "2.46"]
[White "Mort, Andrew J"]
[Black "Edwards, Simon R"]
[Result "1/2-1/2"]
[WhiteElo "1805"]
[BlackElo "1972"]
[PlyCount "29"]
[EventDate "2018.11.10"]
[EventType "team-swiss"]
[EventRounds "11"]
[EventCountry "ENG"]
[SourceTitle "EXT 2021"]
[Source "ChessBase"]
[SourceDate "2020.10.23"]
[SourceVersion "1"]
[SourceVersionDate "2020.10.23"]
[SourceQuality "1"]
[WhiteTeam "Spirit of Atticus II"]
[BlackTeam "Cheddleton II"]
[WhiteTeamCountry "ENG"]
[BlackTeamCountry "ENG"]

1. d4 Nf6 2. Nc3 c5 3. d5 e6 4. e4 exd5 5. e5 Ng8 6. Qxd5 Nc6 7. Bc4 Qe7 8. Nf3 Nf6 9. Qxf7+ Qxf7 10. Bxf7+ Kxf7 11. exf6 gxf6 12. Bf4 Rg8 13. 0-0-0 d6 14. Bxd6 Rxg2 15. Bxf8 1/2-1/2

[Event "BCF-chT3N 1718 (4NCL)"]
[Site "England"]
[Date "2018.05.05"]
[Round "9.44"]
[White "Pearson, Raymond"]
[Black "Mort, Andrew J"]
[Result "1-0"]
[WhiteElo "1901"]
[BlackElo "1829"]
[PlyCount "37"]
[EventDate "2017.11.11"]
[EventType "team-swiss"]
[EventRounds "11"]
[EventCountry "ENG"]
[SourceTitle "EXT 2020"]
[Source "ChessBase"]
[SourceDate "2019.10.17"]
[SourceVersion "1"]
[SourceVersionDate "2019.10.17"]
[SourceQuality "1"]
[WhiteTeam "Holmes Chapel"]
[BlackTeam "Spirit of Atticus II"]
[WhiteTeamCountry "ENG"]
[BlackTeamCountry "ENG"]

1. c4 c5 2. Nf3 Nf6 3. Nc3 d5 4. cxd5 Nxd5 5. g3 Nc6 6. Bg2 Nc7 7. 0-0 e5 8. d3 Be7 9. Be3 Ne6 10. Rc1 0-0 11. Na4 Qa5 12. Bd2 Qd8 13. Be3 Qa5 14. a3 f6 15. Nc3 Rb8 16. Nd5 Ned4 17. Bxd4 cxd4 18. Rxc6 bxc6 19. Nxe7+ 1-0

[Event "Doncaster 4NCL op-B 15th"]
[Site "Doncaster"]
[Date "2017.09.10"]
[Round "4"]
[White "Mort, Andrew J"]
[Black "Cawston, M John"]
[Result "1/2-1/2"]
[WhiteElo "1862"]
[BlackElo "1821"]
[PlyCount "146"]
[EventDate "2017.09.08"]
[EventType "swiss"]
[EventRounds "5"]
[EventCountry "ENG"]
[SourceTitle "CBM 180 Extra"]
[Source "ChessBase"]
[SourceDate "2017.10.06"]
[SourceVersion "1"]
[SourceVersionDate "2017.10.06"]
[SourceQuality "1"]

1. c4 c5 2. g3 Nc6 3. Bg2 g6 4. Nc3 Bg7 5. a3 d6 6. Nf3 e5 7. d3 Nge7 8. 0-0 0-0 9. Rb1 a5 10. Ne1 Be6 11. Nd5 h6 12. Bd2 f5 13. f4 Kh7 14. e3 Rb8 15. b4 axb4 16. axb4 b5 17. bxc5 bxc4 18. Nxe7 Nxe7 19. Rxb8 Qxb8 20. Qc2 cxd3 21. Nxd3 e4 22. Nb4 dxc5 23. Qxc5 Qb7 24. Rc1 Rc8 25. Qd6 Rxc1+ 26. Bxc1 Qd7 27. Qxd7 Bxd7 28. Bf1 Be6 29. Kf2 Bc3 30. Ba3 Kg7 31. Bb5 Kf7 32. h4 Nc8 33. Nc6 Kf6 34. Bc5 Bd7 35. Bd4+ Bxd4 36. Nxd4 Bxb5 37. Nxb5 Ke6 38. Ke2 Kd5 39. Nc7+ Kc4 40. Ne6 Kc3 41. h5 gxh5 42. Ng7 Ne7 43. Nxh5 Kc2 44. Nf6 Kc1 45. Ne8 Kc2 46. Nd6 Kc3 47. Nf7 h5 48. Ng5 Kc4 49. Ne6 Ng6 50. Ng7 h4 51. Nxf5 hxg3 52. Nxg3 Kd5 53. Kf2 Nh4 54. Nh5 Ke6 55. Ng3 Kd5 56. Nh5 Ke6 57. Ng3 Kd5 58. Ke2 Ng6 59. Kd2 Nf8 60. Nh5 Nd7 61. Kc3 Kc5 62. Ng7 Nf6 63. Ne6+ Kd5 64. Ng5 Ng4 65. Kd2 Nf6 66. Ke2 Ne8 67. Nh7 Nd6 68. Kf2 Ke6 69. Nf8+ Kf5 70. Nd7 Nc4 71. Nc5 Nb6 72. Nb3 Nd5 73. Nd2 Nxf4 1/2-1/2

[Event "Doncaster 4NCL op-B 15th"]
[Site "Doncaster"]
[Date "2017.09.08"]
[Round "1"]
[White "Mahoney, Nicholas"]
[Black "Mort, Andrew J"]
[Result "1/2-1/2"]
[WhiteElo "1711"]
[BlackElo "1862"]
[PlyCount "64"]
[EventDate "2017.09.08"]
[EventType "swiss"]
[EventRounds "5"]
[EventCountry "ENG"]
[SourceTitle "CBM 180 Extra"]
[Source "ChessBase"]
[SourceDate "2017.10.06"]
[SourceVersion "1"]
[SourceVersionDate "2017.10.06"]
[SourceQuality "1"]

1. d4 f5 2. Nc3 Nf6 3. Bg5 e6 4. Bxf6 Qxf6 5. e4 Bb4 6. exf5 exf5 7. Bc4 c6 8. Qe2+ Qe7 9. Qxe7+ Kxe7 10. Nf3 d5 11. Bd3 Na6 12. 0-0 Bd7 13. Rfe1+ Kf6 14. a3 Bd6 15. Ne5 Be6 16. Bxa6 bxa6 17. Nxc6 Rhc8 18. Nb4 Rc4 19. Ncxd5+ Kf7 20. c3 a5 21. Ne3 axb4 22. d5 Bxd5 23. Nxd5 bxa3 24. b4 Rd8 25. Rxa3 Bb8 26. Ne3 Re4 27. Rb1 g6 28. g3 Rd7 29. c4 f4 30. gxf4 Rxf4 31. Ra2 Rh4 32. c5 Bxh2+ 1/2-1/2

[Event "West Bromwich Midland op-A"]
[Site "West Bromwich"]
[Date "2017.08.12"]
[Round "2"]
[White "Mort, Andrew J"]
[Black "Sanghera, Parminder"]
[Result "0-1"]
[WhiteElo "1862"]
[BlackElo "2020"]
[PlyCount "102"]
[EventDate "2017.08.11"]
[EventType "swiss"]
[EventRounds "5"]
[EventCountry "ENG"]
[SourceTitle "CBM 180 Extra"]
[Source "ChessBase"]
[SourceDate "2017.10.06"]
[SourceVersion "1"]
[SourceVersionDate "2017.10.06"]
[SourceQuality "1"]

1. c4 e6 2. g3 d5 3. Bg2 c6 4. Nf3 Nd7 5. 0-0 Ngf6 6. b3 Be7 7. Bb2 0-0 8. d4 b5 9. Nbd2 bxc4 10. bxc4 Ba6 11. Re1 Nb6 12. Ne5 Qc8 13. Rc1 Qb7 14. Qb3 Nfd7 15. cxd5 cxd5 16. Nc6 Bg5 17. f4 Bf6 18. e4 Rac8 19. Na5 Qa8 20. e5 Be7 21. Ba3 Bxa3 22. Qxa3 Rxc1 23. Rxc1 Rc8 24. Bf1 Bxf1 25. Kxf1 g6 26. Rc3 Nc4 27. Naxc4 dxc4 28. Rxc4 Qh1+ 29. Ke2 Qxh2+ 30. Kd1 Qg1+ 31. Kc2 Rxc4+ 32. Nxc4 Qxd4 33. Qd3 Qf2+ 34. Qd2 Qc5 35. Qxd7 Qxc4+ 36. Kb2 Qb4+ 37. Kc2 Qc5+ 38. Kb2 Kg7 39. Qd8 Qf2+ 40. Kc1 Qe1+ 41. Kb2 Qf2+ 42. Kc1 Qb6 43. Qf6+ Kg8 44. Qe7 h6 45. Qh4 Qd4 46. Kb1 h5 47. Qe7 Qg1+ 48. Kb2 Qxg3 49. Qd8+ Kh7 50. Qf6 Qg2+ 51. Ka3 Qb7 0-1

[Event "Dyfed op"]
[Site "Fishguard"]
[Date "2017.02.26"]
[Round "4"]
[White "Byway, Paul V"]
[Black "Mort, Andrew J"]
[Result "1-0"]
[WhiteElo "2054"]
[BlackElo "1885"]
[PlyCount "43"]
[EventDate "2017.02.24"]
[EventType "swiss"]
[EventRounds "5"]
[EventCountry "WLS"]
[SourceTitle "EXT 2019"]
[Source "ChessBase"]
[SourceDate "2018.10.10"]
[SourceVersion "1"]
[SourceVersionDate "2018.10.10"]
[SourceQuality "1"]

1. Nf3 e6 2. c4 f5 3. g3 Nf6 4. Bg2 Be7 5. 0-0 0-0 6. d3 d6 7. Nc3 Nc6 8. Rb1 a5 9. a3 Qe8 10. b4 axb4 11. axb4 Qh5 12. b5 Nb8 13. e3 Nbd7 14. Nd4 Nc5 15. Qxh5 Nxh5 16. Rd1 Bd7 17. Nde2 Rfb8 18. e4 Bc8 19. Be3 Na4 20. exf5 exf5 21. Nd5 Bd8 22. b6 1-0

[Event "BCF-chT3N 1617 (4NCL)"]
[Site "England"]
[Date "2017.01.14"]
[Round "3.66"]
[White "Mort, Andrew J"]
[Black "Braham, Peter"]
[Result "0-1"]
[WhiteElo "1895"]
[BlackElo "1689"]
[PlyCount "78"]
[EventDate "2016.11.26"]
[EventType "team-swiss"]
[EventRounds "11"]
[EventCountry "ENG"]
[SourceTitle "EXT 2019"]
[Source "ChessBase"]
[SourceDate "2018.10.10"]
[SourceVersion "1"]
[SourceVersionDate "2018.10.10"]
[SourceQuality "1"]
[WhiteTeam "Spirit of Atticus II"]
[BlackTeam "Bradford DCA Knights III"]
[WhiteTeamCountry "ENG"]
[BlackTeamCountry "ENG"]

1. c4 d6 2. g3 e5 3. Bg2 f5 4. Nc3 Nf6 5. e3 Be7 6. Nge2 0-0 7. 0-0 c6 8. d4 Na6 9. b3 Nc7 10. Ba3 e4 11. d5 cxd5 12. Nxd5 Nfxd5 13. cxd5 Bd7 14. Qd2 Bb5 15. Rfd1 Qd7 16. f3 Bf6 17. Rac1 exf3 18. Bxf3 Rae8 19. Re1 Ba6 20. Nf4 Kh8 21. Bb2 Bxb2 22. Qxb2 Re5 23. Rxc7 Qxc7 24. Ne6 Qe7 25. Nxf8 Qxf8 26. Qd4 g5 27. Rc1 Qb8 28. Kf2 Kg8 29. g4 Qf8 30. Kg2 Qe7 31. gxf5 Rxf5 32. Bg4 Rf6 33. Be6+ Kg7 34. Rc8 Kh6 35. Rc1 Qf8 36. Rc2 Bf1+ 37. Kg1 Be2 38. e4 Rf1+ 39. Kg2 Qf3# 0-1

[Event "Harrogate 4NCL op 12th"]
[Site "Harrogate"]
[Date "2017.01.08"]
[Round "4"]
[White "Mort, Andrew J"]
[Black "Starley, Robert"]
[Result "0-1"]
[WhiteElo "1895"]
[BlackElo "2109"]
[PlyCount "56"]
[EventDate "2017.01.06"]
[EventType "swiss"]
[EventRounds "5"]
[EventCountry "ENG"]
[SourceTitle "CBM 176 Extra"]
[Source "ChessBase"]
[SourceDate "2017.03.02"]
[SourceVersion "1"]
[SourceVersionDate "2017.03.02"]
[SourceQuality "1"]

1. c4 Nf6 2. g3 e6 3. Bg2 d5 4. Nf3 Be7 5. 0-0 0-0 6. b3 c5 7. cxd5 exd5 8. d4 Nc6 9. Bb2 Re8 10. Nc3 Bg4 11. dxc5 Bxc5 12. Na4 Bd6 13. Rc1 Ne5 14. Nd4 Bf8 15. h3 Bh5 16. f4 Ned7 17. g4 Bxg4 18. hxg4 Nxg4 19. Rf3 Qh4 20. Nf5 Qh2+ 21. Kf1 Qh5 22. Qd3 Nh2+ 23. Kg1 Nxf3+ 24. Bxf3 Qh3 25. Rc7 Rad8 26. Qxd5 Ne5 27. Ne7+ Rxe7 28. Qxd8 Nxf3+ 0-1

[Event "Harrogate 4NCL op 12th"]
[Site "Harrogate"]
[Date "2017.01.08"]
[Round "5"]
[White "Vickery, Jim"]
[Black "Mort, Andrew J"]
[Result "1/2-1/2"]
[WhiteElo "1983"]
[BlackElo "1895"]
[PlyCount "20"]
[EventDate "2017.01.06"]
[EventType "swiss"]
[EventRounds "5"]
[EventCountry "ENG"]
[SourceTitle "CBM 176 Extra"]
[Source "ChessBase"]
[SourceDate "2017.03.02"]
[SourceVersion "1"]
[SourceVersionDate "2017.03.02"]
[SourceQuality "1"]

1. d4 e6 2. Nf3 f5 3. c4 Nf6 4. g3 Be7 5. Bg2 0-0 6. 0-0 d6 7. b3 a5 8. a3 Qe8 9. Bb2 Ne4 10. Nc3 Nxc3 1/2-1/2

[Event "Harrogate 4NCL op 12th"]
[Site "Harrogate"]
[Date "2017.01.07"]
[Round "3"]
[White "Press, Shaun"]
[Black "Mort, Andrew J"]
[Result "1/2-1/2"]
[WhiteElo "1970"]
[BlackElo "1895"]
[PlyCount "30"]
[EventDate "2017.01.06"]
[EventType "swiss"]
[EventRounds "5"]
[EventCountry "ENG"]
[SourceTitle "CBM 176 Extra"]
[Source "ChessBase"]
[SourceDate "2017.03.02"]
[SourceVersion "1"]
[SourceVersionDate "2017.03.02"]
[SourceQuality "1"]

1. e4 c6 2. Nc3 d5 3. Qf3 dxe4 4. Nxe4 Nf6 5. Bc4 e6 6. Nxf6+ Qxf6 7. Qxf6 gxf6 8. d4 Bd6 9. Ne2 b6 10. Be3 Ba6 11. Bb3 Nd7 12. a3 Rg8 13. g3 f5 14. Nf4 Nf6 15. 0-0-0 Nd5 1/2-1/2

[Event "BCF-chT3N 1617 (4NCL)"]
[Site "England"]
[Date "2016.11.27"]
[Round "2.75"]
[White "Mort, Andrew J"]
[Black "Mulleady, Peter J"]
[Result "1/2-1/2"]
[WhiteElo "1895"]
[BlackElo "2080"]
[PlyCount "43"]
[EventDate "2016.11.26"]
[EventType "team-swiss"]
[EventRounds "11"]
[EventCountry "ENG"]
[SourceTitle "EXT 2019"]
[Source "ChessBase"]
[SourceDate "2018.10.10"]
[SourceVersion "1"]
[SourceVersionDate "2018.10.10"]
[SourceQuality "1"]
[WhiteTeam "Spirit of Atticus II"]
[BlackTeam "Manchester Manticores"]
[WhiteTeamCountry "ENG"]
[BlackTeamCountry "ENG"]

1. c4 c5 2. g3 g6 3. Bg2 Bg7 4. Nc3 Nc6 5. a3 e5 6. b4 cxb4 7. axb4 Nge7 8. b5 Nd4 9. e3 Ne6 10. Ba3 f5 11. Nge2 Kf7 12. 0-0 d6 13. Ra2 Rb8 14. d4 e4 15. f3 exf3 16. Bxf3 Re8 17. Qd3 b6 18. Bb4 Bb7 19. Nd5 Ng5 20. Bg2 Kg8 21. Nef4 Nc8 22. h4 1/2-1/2

[Event "BCF-chT3N 1617 (4NCL)"]
[Site "England"]
[Date "2016.11.26"]
[Round "1.85"]
[White "Flynn, David"]
[Black "Mort, Andrew J"]
[Result "1/2-1/2"]
[WhiteElo "1872"]
[BlackElo "1895"]
[PlyCount "66"]
[EventDate "2016.11.26"]
[EventType "team-swiss"]
[EventRounds "11"]
[EventCountry "ENG"]
[SourceTitle "EXT 2019"]
[Source "ChessBase"]
[SourceDate "2018.10.10"]
[SourceVersion "1"]
[SourceVersionDate "2018.10.10"]
[SourceQuality "1"]
[WhiteTeam "Ashfield Breadsall II"]
[BlackTeam "Spirit of Atticus II"]
[WhiteTeamCountry "ENG"]
[BlackTeamCountry "ENG"]

1. e4 c5 2. c3 d5 3. exd5 Qxd5 4. d4 cxd4 5. cxd4 Nf6 6. Nf3 e6 7. Nc3 Qd8 8. Bc4 Be7 9. 0-0 0-0 10. d5 exd5 11. Nxd5 Nxd5 12. Qxd5 Qxd5 13. Bxd5 Nc6 14. Bg5 Bxg5 15. Nxg5 Nd8 16. Rfe1 g6 17. Rac1 Nc6 18. Bxc6 bxc6 19. Rxc6 h6 20. Ne4 Be6 21. b3 a5 22. Nc5 Rfc8 23. Rxc8+ Rxc8 24. Nxe6 fxe6 25. g3 Rc2 26. a4 Kf7 27. Kg2 Rb2 28. Re3 Kf6 29. Kf3 h5 30. h4 Kf5 31. Rc3 Ke5 32. Ke3 Kd5 33. Kf3 e5 1/2-1/2

[Event "Wakefield 4NCL op-B 8th"]
[Site "Wakefield"]
[Date "2016.04.03"]
[Round "4"]
[White "Mort, Andrew J"]
[Black "Davies, Sam"]
[Result "1/2-1/2"]
[WhiteElo "1918"]
[BlackElo "1712"]
[PlyCount "31"]
[EventDate "2016.04.01"]
[EventType "swiss"]
[EventRounds "5"]
[EventCountry "ENG"]
[SourceTitle "CBM 171 Extra"]
[Source "ChessBase"]
[SourceDate "2016.04.26"]
[SourceVersion "1"]
[SourceVersionDate "2016.04.26"]
[SourceQuality "1"]

1. c4 e6 2. g3 d5 3. Bg2 Nf6 4. Nf3 Be7 5. 0-0 0-0 6. b3 Nbd7 7. Bb2 c6 8. d4 b6 9. Nbd2 Bb7 10. Re1 Rc8 11. Rc1 c5 12. cxd5 Nxd5 13. a3 cxd4 14. Nxd4 Rxc1 15. Qxc1 Qa8 16. N2f3 1/2-1/2

[Event "BCF-chT3Na 1516 (4NCL)"]
[Site "England"]
[Date "2016.02.13"]
[Round "5.76"]
[White "Mort, Andrew J"]
[Black "Lang, Adam R"]
[Result "0-1"]
[WhiteElo "1920"]
[BlackElo "2119"]
[PlyCount "110"]
[EventDate "2015.11.14"]
[EventType "team-swiss"]
[EventRounds "7"]
[EventCountry "ENG"]
[SourceTitle "EXT 2017"]
[Source "ChessBase"]
[SourceDate "2016.10.25"]
[SourceVersion "1"]
[SourceVersionDate "2016.10.25"]
[SourceQuality "1"]
[WhiteTeam "Spirit of Atticus III"]
[BlackTeam "Bradford DCA Knights"]
[WhiteTeamCountry "ENG"]
[BlackTeamCountry "ENG"]

1. c4 e5 2. g3 Nf6 3. Bg2 g6 4. Nc3 Bg7 5. Nf3 d6 6. 0-0 0-0 7. d3 h6 8. Rb1 a5 9. a3 Be6 10. b4 axb4 11. axb4 Nbd7 12. Bb2 c6 13. Ra1 Qb6 14. Na4 Qc7 15. Qd2 Rfd8 16. Rfc1 Kh7 17. Nc3 Qb6 18. Na4 Qc7 19. Nc3 d5 20. cxd5 Rxa1 21. Bxa1 Nxd5 22. Nxd5 Bxd5 23. b5 Qb6 24. bxc6 Bxc6 25. Qa2 Kg8 26. Nd2 Bxg2 27. Kxg2 Nc5 28. Kg1 Ne6 29. Nc4 Qc6 30. Bc3 Ng5 31. f3 b5 32. Na5 Qb6+ 33. Kg2 Ra8 34. Qd2 Ne6 35. Bb4 Nd4 36. e3 Ne6 37. Rc6 Qd8 38. Rd6 Qc7 39. Rc6 Qd7 40. Rd6 Qe8 41. Bc3 Bf8 42. Rd5 f6 43. d4 exd4 44. Bxd4 Nxd4 45. Rxd4 Qe6 46. Re4 Qf7 47. h4 b4 48. Nc4 b3 49. Rd4 Ra2 50. Nb2 Ba3 51. Rd8+ Kg7 52. Kh3 Rxb2 53. Qd4 Qe6+ 54. g4 Re2 55. Rd7+ Be7 0-1

[Event "BCF-chT3 1415 (4NCL)"]
[Site "England"]
[Date "2015.05.02"]
[Round "10.99"]
[White "Gibson, Christopher A"]
[Black "Mort, Andrew J"]
[Result "0-1"]
[WhiteElo "1985"]
[BlackElo "1969"]
[PlyCount "80"]
[EventDate "2015.03.21"]
[EventType "team-swiss"]
[EventRounds "11"]
[EventCountry "ENG"]
[SourceTitle "EXT 2016"]
[Source "ChessBase"]
[SourceDate "2015.10.08"]
[SourceVersion "1"]
[SourceVersionDate "2015.10.08"]
[SourceQuality "1"]
[WhiteTeam "The Rookies"]
[BlackTeam "Spirit of Atticus II"]
[WhiteTeamCountry "ENG"]
[BlackTeamCountry "ENG"]

1. d4 d5 2. c4 e6 3. Nc3 f5 4. g4 fxg4 5. e4 dxe4 6. Bg2 Nf6 7. Bg5 Be7 8. Nxe4 Nxe4 9. Bxe7 Qxe7 10. Bxe4 Qb4+ 11. Qd2 Qxd2+ 12. Kxd2 0-0 13. Ke3 Nd7 14. Bg2 Rb8 15. f4 b5 16. c5 Nf6 17. Ne2 Nd5+ 18. Bxd5 exd5 19. b4 Bf5 20. Rhg1 Rbe8+ 21. Kd2 Re4 22. a4 Rfe8 23. Rg2 g3 24. hxg3 Bg4 25. Nc3 Rxd4+ 26. Kc2 Rxb4 27. axb5 Bf5+ 28. Kd1 Bg4+ 29. Kc2 Rc4 30. Kd2 Rxc5 31. Rxa7 d4 32. Nd1 Rxb5 33. Rxc7 Rb1 34. Rc1 Rxc1 35. Kxc1 Re1 36. Rd2 Rxd1+ 37. Rxd1 Bxd1 38. Kxd1 Kf7 39. Kd2 Ke6 40. Kd3 Kf5 0-1

[Event "Dyfed op 44th"]
[Site "Fishguard"]
[Date "2015.02.22"]
[Round "5"]
[White "Mort, Andrew J"]
[Black "Whale, Michael"]
[Result "1/2-1/2"]
[WhiteElo "1961"]
[BlackElo "1826"]
[PlyCount "31"]
[EventDate "2015.02.20"]
[EventType "swiss"]
[EventRounds "5"]
[EventCountry "WLS"]
[SourceTitle "EXT 2018"]
[Source "ChessBase"]
[SourceDate "2017.10.13"]
[SourceVersion "1"]
[SourceVersionDate "2017.10.13"]
[SourceQuality "1"]

1. c4 e5 2. g3 Nf6 3. Bg2 Bc5 4. Nc3 0-0 5. e3 Nc6 6. Nge2 d6 7. 0-0 Bg4 8. h3 Bh5 9. a3 Rb8 10. d3 Ne7 11. d4 Bb6 12. b4 c6 13. Bb2 exd4 14. exd4 d5 15. c5 Bc7 16. Qc2 1/2-1/2

[Event "Dyfed op 44th"]
[Site "Fishguard"]
[Date "2015.02.21"]
[Round "2"]
[White "Byway, Paul V"]
[Black "Mort, Andrew J"]
[Result "1-0"]
[WhiteElo "2143"]
[BlackElo "1961"]
[PlyCount "79"]
[EventDate "2015.02.20"]
[EventType "swiss"]
[EventRounds "5"]
[EventCountry "WLS"]
[SourceTitle "EXT 2018"]
[Source "ChessBase"]
[SourceDate "2017.10.13"]
[SourceVersion "1"]
[SourceVersionDate "2017.10.13"]
[SourceQuality "1"]

1. Nf3 d5 2. e3 e6 3. c4 f5 4. Nc3 Nf6 5. b3 Bd6 6. Bb2 0-0 7. Be2 c6 8. d3 Qe7 9. 0-0 e5 10. cxd5 Nxd5 11. Nxd5 cxd5 12. e4 d4 13. Nd2 Nc6 14. exf5 Bxf5 15. Nc4 Rfe8 16. Bg4 Bg6 17. Bh5 Bxh5 18. Qxh5 Rad8 19. a3 Bb8 20. Bc1 Qf7 21. Qxf7+ Kxf7 22. Nd2 Rd7 23. Ne4 Nd8 24. Bd2 Ne6 25. Rfc1 Bd6 26. g3 Be7 27. b4 h6 28. h4 g5 29. hxg5 Bxg5 30. Kg2 Bxd2 31. Nxd2 Nc7 32. Ne4 Nd5 33. Rh1 Kg6 34. Rac1 Nc3 35. Nxc3 dxc3 36. Rxc3 Ree7 37. Rh4 Re6 38. Kf3 Kf5 39. Ke3 Red6 40. Rh5+ 1-0

[Event "BCF-chT3N 1415 (4NCL)"]
[Site "England"]
[Date "2015.01.11"]
[Round "4.89"]
[White "Mort, Andrew J"]
[Black "Collins, Richard Arnold"]
[Result "1/2-1/2"]
[WhiteElo "1962"]
[BlackElo "1810"]
[PlyCount "71"]
[EventDate "2014.11.15"]
[EventType "team-swiss"]
[EventRounds "6"]
[EventCountry "ENG"]
[SourceTitle "EXT 2016"]
[Source "ChessBase"]
[SourceDate "2015.10.08"]
[SourceVersion "1"]
[SourceVersionDate "2015.10.08"]
[SourceQuality "1"]
[WhiteTeam "Spirit of Atticus II"]
[BlackTeam "Manchester Manticores III"]
[WhiteTeamCountry "ENG"]
[BlackTeamCountry "ENG"]

1. c4 e5 2. g3 Nf6 3. Bg2 d6 4. d4 c6 5. Nc3 Be7 6. e4 exd4 7. Qxd4 Nbd7 8. Nge2 Qb6 9. 0-0 Qxd4 10. Nxd4 Nb6 11. b3 0-0 12. Bb2 Rd8 13. Rfd1 g6 14. Rd2 Ne8 15. Rad1 Bg4 16. f3 Be6 17. Ba3 c5 18. Nde2 a6 19. Nf4 Bf6 20. Bb2 Kf8 21. Nce2 Bxb2 22. Rxb2 Rab8 23. Rbd2 Ke7 24. Nc3 Nc7 25. h4 Rd7 26. Re2 Rdd8 27. Kh2 f6 28. Nxe6 Kxe6 29. Bh3+ Kf7 30. f4 Ne6 31. Bxe6+ Kxe6 32. a4 Rd7 33. Kg2 Rbd8 34. Kf3 Nc8 35. Nd5 Ne7 36. Nxe7 1/2-1/2

[Event "BCF-chT3N 1415 (4NCL)"]
[Site "England"]
[Date "2015.01.10"]
[Round "3.100"]
[White "Grobler, David J"]
[Black "Mort, Andrew J"]
[Result "0-1"]
[WhiteElo "1657"]
[BlackElo "1962"]
[PlyCount "88"]
[EventDate "2014.11.15"]
[EventType "team-swiss"]
[EventRounds "6"]
[EventCountry "ENG"]
[SourceTitle "EXT 2016"]
[Source "ChessBase"]
[SourceDate "2015.10.08"]
[SourceVersion "1"]
[SourceVersionDate "2015.10.08"]
[SourceQuality "1"]
[WhiteTeam "Bradford DCA Knights III"]
[BlackTeam "Spirit of Atticus II"]
[WhiteTeamCountry "ENG"]
[BlackTeamCountry "ENG"]

1. e4 g6 2. d4 Bg7 3. Nf3 c5 4. Nc3 cxd4 5. Nxd4 Nc6 6. Be3 Nf6 7. Nxc6 bxc6 8. e5 Nd5 9. Bd4 0-0 10. Qd2 Qa5 11. Be2 Nc7 12. f4 Ne6 13. Be3 Rb8 14. b3 d6 15. Ne4 Qxd2+ 16. Nxd2 dxe5 17. fxe5 Bxe5 18. 0-0-0 Nd4 19. Bc4 Bf5 20. Bxd4 Bxd4 21. Nf3 Be3+ 22. Kb2 Rbd8 23. Rxd8 Rxd8 24. Re1 Bc5 25. Ne5 Rd2 26. Bd3 Bxd3 27. Nxd3 Bd6 28. Ne5 Rxg2 29. Nxc6 Rxh2 30. Nxe7+ Bxe7 31. Rxe7 f5 32. Rxa7 f4 33. a4 f3 34. Ra8+ Kf7 35. Ra7+ Ke6 36. Ra8 Rh5 37. Re8+ Kd5 38. Re1 f2 39. Rf1 Rf5 40. Kc3 g5 41. Kd3 g4 42. Ke2 g3 43. Rd1+ Ke4 44. Kf1 Kf3 0-1

[Event "BCF-chT3N 1314 (4NCL)"]
[Site "England"]
[Date "2014.02.09"]
[Round "6.79"]
[White "Flint, Martina"]
[Black "Mort, Andrew J"]
[Result "1/2-1/2"]
[WhiteElo "1843"]
[BlackElo "1973"]
[PlyCount "100"]
[EventDate "2013.11.16"]
[EventType "team-swiss"]
[EventRounds "6"]
[EventCountry "ENG"]
[SourceTitle "EXT 2015"]
[Source "ChessBase"]
[SourceDate "2014.11.20"]
[SourceVersion "1"]
[SourceVersionDate "2014.11.20"]
[SourceQuality "1"]
[WhiteTeam "Jorvik"]
[BlackTeam "Spirit of Atticus II"]
[WhiteTeamCountry "ENG"]
[BlackTeamCountry "ENG"]

1. f4 g6 2. Nf3 Bg7 3. g3 c5 4. c3 Nc6 5. e4 d6 6. d3 e6 7. Bg2 Nge7 8. 0-0 0-0 9. Na3 Rb8 10. g4 f5 11. g5 b6 12. Re1 Qd7 13. Nc2 Ba6 14. Nh4 Rbd8 15. exf5 Nxf5 16. Nxf5 gxf5 17. Be3 Bb7 18. Bf2 d5 19. d4 c4 20. Re3 Rde8 21. Qh5 Qf7 22. Qh4 Ne7 23. Rh3 Bh8 24. Bf3 Ng6 25. Qg3 Re7 26. Kh1 Bc6 27. Ne3 a5 28. Nxc4 dxc4 29. Bxc6 Rc7 30. Bg2 b5 31. Rd1 Rd8 32. Qe3 e5 33. fxe5 Nxe5 34. Bg3 Ng4 35. Qf3 Re7 36. Rf1 Ne3 37. Rf2 Rde8 38. Bh4 Qg6 39. Qc6 Ng4 40. Qd5+ Kg7 41. Rff3 Ne3 42. Qxb5 f4 43. Bf2 Qb1+ 44. Bg1 Nxg2 45. Kxg2 Re2+ 46. Rf2 Re1 47. Rhf3 Rxg1+ 48. Kh3 Qg6 49. Qd7+ Kg8 50. Qd5+ Kg7 1/2-1/2